Vysoká škola poľnohospodárska v Nitre. Technologický a objemový experiment v štýle neskorého modernizmu

Bibliographic Details
Main Author: Szalay, Peter, 1982- (Author)
Format: Article
Language:Slovak
English
PhysicalDescription:Fotogr., obr.
ISSN:0044-8680
Subjects:

MARC

LEADER 00000nab a2200000 ar4500
001 vtls009174857
003 SK-MaSNL
005 20260304012826.0
008 080117c2007 xo qr|p|||||||000 b|slo
015 |a SNBRB2008/01  |2 snkbucl 
038 |a SNKBUCL 
040 |a SNKBUCL  |b slo  |c SNKBUCL  |e AACR2 
041 0 |a slo  |a eng 
044 |a xo  |c SK 
080 |a 727.3  |x (437.6)  |2 2001 
100 1 |a Szalay, Peter,  |d 1982-  |4 aut  |9 229804 
245 1 0 |a Vysoká škola poľnohospodárska v Nitre. Technologický a objemový experiment v štýle neskorého modernizmu  |c Peter Szalay 
246 3 1 |a University of Agriculture in Nitra. Technological and Volumetric Experiment in the Style of Late Modernism 
300 |b Fotogr., obr. 
500 |a Poznámky 
500 |a Architekti: Vladimír Dedeček, Rudolf Miňovský 
504 |a Bibliogr. odkazy 
546 |a Súbežný názov a text v angličtine 
610 2 7 |a Slovenská poľnohospodárska univerzita v Nitre  |2 snkbucl  |9 166833 
651 7 |a Nitra (Slovensko)  |2 snkbucl  |9 15714 
773 0 |t Architektúra & urbanizmus  |g Roč. XLI, č. 3-4 (2007), s. 146-161  |x 0044-8680 
852 |a SNK  |b KIS3GCP 
958 |a NB 
958 |a SK 
999 |c 2573359  |d 2575289